00360nam a2200145Ia 4500008004100000020001800041041000800059082001600067100001900083245004800102250000600150260003300156300001300189650001200202210716s2009 xx 000 0 und d a9788174467485 aeng a332.64 SINR aSingh, Rohini. aSecurity analysis and portfolio management. a1 aNew DelhibExcel Booksc2009 aviii,381 aFinance